Theory, technology, and public policy on bilingual education /

Bibliographic Details
Corporate Author: National Clearinghouse for Bilingual Education
Other Authors: Padilla, Raymond V.
Format: Government Document Book
Language:English
Published: Rosslyn Va. : National Clearinghouse for Bilingual Education, 1983.
Subjects:

MARC

Tag First Indicator Second Indicator Subfields
LEADER 00000cam a2200000 a 4500
001 in00000838321
005 20151019052135.0
008 830711s1983 vaua b f00000 eng d
010 |a gp 83021919  
020 |a 0897630661 
035 |a (OCoLC)09703107 
035 |9 ADZ7148AM 
040 |a STU  |c STU  |d GPO  |d UtOrBLW 
043 |a n-us--- 
074 |a 461-D-5 
086 0 |a ED 1.302:B 49 
090 |a LC3731  |b .T43 
245 0 0 |a Theory, technology, and public policy on bilingual education /  |c edited by Raymond V. Padilla. 
264 1 |a Rosslyn Va. :  |b National Clearinghouse for Bilingual Education,  |c 1983. 
300 |a xiv, 425 pages :  |b illustrations ;  |c 23 cm. 
336 |a text  |b txt  |2 rdacontent 
337 |a unmediated  |b n  |2 rdamedia 
338 |a volume  |b nc  |2 rdacarrier 
504 |a Includes bibliographies. 
650 0 |a Education, Bilingual  |z United States. 
700 1 |a Padilla, Raymond V. 
710 2 |a National Clearinghouse for Bilingual Education. 
999 |a MARS 
999 f f |s 34625dd4-6fe3-3a98-aa0c-f869b81bcfb7  |i 5e547c45-c79d-37b7-8127-c54c3717ee64  |t 0 
952 f f |p normal  |a Texas A&M University  |b College Station  |c Sterling C. Evans Library  |d Evans: US Documents (Annex 5th floor)  |t 0  |e ED 1.302:B 49  |h Superintendent of Documents classification  |i unmediated -- volume  |m A14813543446 
998 f f |a ED 1.302:B 49  |t 0  |l Evans: US Documents (Annex 5th floor)